00970nam a22002651 45000010005000000030008000050050017000130080041000300350018000710400036000890410008001250820022001332450039001552600043001943000036002374900058002735040038003316500027003698300020003967000049004168300058004659420012005239990015005359520154005509729BD-RjUL20211208234827.0140121s1959 nyua b 001 0 eng d a(BD-RjUL)9774 aDLC/ICUcICUdDLCdBD-RjULbeng aeng00a541.377bSEM 195910aSemiconductors. /cby N. B. Hannay aNew York :bReinhold Pub. Corp.c1959. axxiii, 767 p. :billus.c24 cm.1 aAmerican Chemical Society. Monograph series,vno. 140 aIncludes bibliography and index.. 0aSemiconductors.930081 0vno. 140.9300931 aHannay, N. B.d1921-q(Norman Bruce),930094 0aMonograph series (American Chemical Society) ;930083 2ddccBK c9729d9729 00102ddc40718NFICaRUCLbRUCLcReadingd1973-07-19eEureka Book Book Agencyg47.50l0o541.377 SEM 1959r2014-01-21 00:00:00tC-1w2014-01-21yBK